Normal view
MARC view
- NUTS AND BOLTS OF PROOFS
Entry Topical Term
001 - CONTROL NUMBER
- control field: 62310
003 - CONTROL NUMBER IDENTIFIER
- control field: NUST
005 - DATE AND TIME OF LATEST TRANSACTION
- control field: 20210628202923.0
008 - FIXED-LENGTH DATA ELEMENTS
- fixed length control field: 210628|| aca||aabn | a|a d
040 ## - CATALOGING SOURCE
- Original cataloging agency: NUST
- Transcribing agency: NUST
150 ## - HEADING--TOPICAL TERM
- Topical term or geographic name entry element: NUTS AND BOLTS OF PROOFS
670 ## - SOURCE DATA FOUND
- Source citation: Work cat.: (NUST): Cupillari, Antonella 62309, The nuts and bolts of proofs, 2005
